00623nam a2200145Ia 4500008004100000024006000041082001800101100009100119245005700210260002600267600002700293650003300320856010700353999001700460260210s9999 xx 000 0 und d a17B-063-EE, 17B-067-EE, 17B-097-EE & 17B-098-EE a621.55072 ASI aMuhammad Omer Asif, Hassan Ali Khan Jatoi, Ali Raza Memon & Muhammad Waseem Akhter 0aSemi Automatic Aerosol Gas Filling Machine (with CD) aKarachi:bUITU,c2017 aElectronic Engineering aBachelor of Engineering (BE) uhttps://drive.google.com/file/d/1bGwPOaUXOtK1aZy7vEx7bnTbDoy97dy0/view?usp=sharingyClick here for PDF c33294d33294